000 00620nam a2200241Ia 4500
003 OSt
005 20221006144729.0
006 a|||||r|||| 00| 0
007 ta
008 221006b |||||||| |||| 00| 0 eng d
020 _c477.00
024 _a12,526
037 _cTextual
040 _aEASL
_cEASL
_beng
041 _2eng
_aeng
082 _aV41.N89, N0
100 _aTHOMAS Graham
_9652712
245 0 _aTimline
_b Peoples republic o China
260 _aLondon
_bDryad Press
_c1990
300 _a64p.
_ccm.
942 _hV41.N89, N0
_cTEXL
_2CC
999 _c1080612
_d1080612